000 00381ntaaa2200157 4500
003 01
005 20251027201333.0
008 0714s1973 ag 01
040 _aAR-BaBN
_bspa
_cAR-BaBN
_eaacr
_dRIC
082 _a269.0000 St4
100 _aStewart, James A.
_911667
245 _aPersonal Evangelism
250 _a1 ed. :
_bRevival Literature,
_cc/960
300 _a84 p.
942 _cBK
999 _c7819
_d7819